000 00549nam a22001817a 4500
003 OSt
005 20151027101625.0
008 130622t xxu||||| |||| 00| 0 eng d
020 _a9781858385907
050 _aLB 1617
_b.N277 2004
082 _aIB 375
_bN21 2004
245 _aThe national curriculum :
_bhandbook for primary teachers in England key stages 3 and 4 /
260 _aLondon :
_bDepartment for Education and Employment,
_c2004.
300 _a222 p. :
_bill. col. ;
_c48 p. ;
650 _aHandbook
942 _2lcc
_cBK
999 _c2989
_d2989